Представление документа в формате RUSMARC

ПолеНазваниеЗначение
  Тип записи a
  Библиографический уровень m
001 Контрольный номер RU/SLIB/B/208738873
005 Дата корректировки 20210412145157.1
010 Индекс ISBN __
d Цена 2-20
101 Язык документа 0_
a Язык текста rus
200 Заглавие и сведения об ответственности 1_
a Заглавие Русская народная одежда и современное платье
f Первые сведения об ответственности А. Ф. Бланк
b Общее обозначение материала Текст
210 Выходные данные 1_
a Место издания М.
c Издательство Лег. и пищевая пром-сть
d Дата издания 1982
215 Физическое описание __
a Объем 176 с.
c Иллюстрации/тип воспроизводства ил.
606 Тематические рубрики __
a Основная рубрика Легкая промышленность
606 Тематические рубрики __
a Основная рубрика Швейное производство
y Географическая подрубрика СССР; Россия
610 Ключевые слова 0_
a Ключевые слова одежда; народная одежда; костюмы; русский костюм
686 Индексы других классификаций __
a Классификационный индекс 37.24-2
700 Автор _1
a Фамилия Бланк
b Имя А. Ф.
4 Код отношения 070
701 Альтернативная интеллектуальная ответственность _1
a Фамилия Фомина
b Имя З. М.
801 Источник записи _0
a Страна RU
b Организация Муниципальное бюджетное учреждение культуры "Централизованная библиотечная система" г. Сургут (Центральная городская библиотека им. А. С. Пушкина)
g Правила каталогизации КиК/Лебедева
801 Источник записи _1
a Страна RU
b Организация Муниципальное бюджетное учреждение культуры "Централизованная библиотечная система" г. Сургут (Центральная городская библиотека им. А. С. Пушкина)
g Правила каталогизации КиК/Лебедева
852 Данные о местонахождении __
j Шифр хранения 37.24-2
c Каталожный индекс 37.24-2
i Авторский знак Б 68
p Инвентарный номер 14056
901 Тип документа __
t Тип документа m
990 Данные о заказе (DOS) __
j Количество экземпляров (DOS) 1